000 00323nam a2200133Ia 4500
008 220204s9999 xx 000 0 und d
082 _a581
_bDOD
100 _aDODD, John D
245 0 _aForm and function in plants
260 _aAllahabad
_bCentral Book Depot
_c1968
650 _aBotany
650 _aGrowth
942 _cBK
999 _c21054
_d21054